000 00542nam a2200217Ia 4500
003 OSt
005 20220918192933.0
006 a|||||r|||| 00| 0
007 ta
008 220917b |||||||| |||| 00| 0 eng d
024 _a71,159
037 _cTextual
040 _aARTS
_cARTS
_beng
041 _2eng
_aeng
082 _aR39Y, J2
100 _aStratton George Malcolm
_980692
245 0 _aMan creator or destroyer
260 _c1952
942 _hR39Y, J2
_cTEXL
_2CC
999 _c197238
_d197238